000 01568nam0a2200385 4500
001 RU\NLR\bibl\398408
005 20250622163030.0
010 _a5-17-015752-5
_93000
021 _aRU
_b2002-62746
_93050
035 _a(NLR Aleph) 000392615
090 _a525217
_c525217
100 _a20030219d2002 |||y0rusy50 ca
101 1 _arus
_ceng
102 _aRU
105 _aa |||||||||
200 1 _aПольская армия, 1939-1945
_fС. Залога
_g[Пер. с англ. Г.Г. Вершубской]
_gХудож. Р. Хук
210 _aМ.
_cАСТ
_cАстрель
_d2002
215 _a46 с.
_cил.
_d27
225 1 _aВоенно-историческая серия "Солдатъ"
_eУниформа. Вооружение. Организация
606 0 _aАрмия
_xИстория
_yПольская Народная Республика
_z1939 - 1945
_92291044
_3RU\NLR\auth\661372104
610 0 _aПольская армия во второй мировой войне 1939-1945 гг.
610 0 _aВоенная одежда польская - История
610 0 _aВоинская символика польская
610 0 _aПольша, история вооруж. сил
675 _a355.14(438)<1939/1945>
_v3
_zrus
686 _a78.27
_2rugasnti
686 _a68.49
_2rubbk
686 _aЦ4,6(4П)1
700 1 _aЗалога
_bС.
_gСтивен
_4070
801 0 _aRU
_bRKP
_c20030219
_gPSBO
801 1 _aRU
_bRKP
_c20030219
801 2 _aRU
_bNLR
_c20030610
_grcr
942 _cBOOK
980 _aNB